Ética y lenguaje / (Registro nro. 2360)

Detalles MARC
000 -LEADER
fixed length control field 01311nam a2200373 a 4500
005 - FECHA ULTIMA MODIFICACION
control field 20240412123930.0
008 - CAMPO DE CONTROL (LIBRO)
fixed length control field 100630s1971||||ag |||f ||||00 1 0 spa d
020 ## - INTERNATIONAL STANDARD BOOK NUMBER
ISBN S/N
041 ## - CODIGO DE IDIOMA
Código de idioma del texto/pista de sonido o título separado spa
092 ## - SIGNATURA TOPOGRAFICA DEWEY LOCAL
número de clasificación 170
libristica 81
sección STE
100 1# - ENTRADA PRINCIPAL--NOMBRE PERSONAL
Nombre personal Stevenson, Charles L.
9 (RLIN) 3131
245 ## - TITULO PROPIAMENTE DICHO
Título Ética y lenguaje /
Mención de responsabilidad y remanente de la transcripción de la portada Charles L. Stevenson
250 ## - MENCION DE EDICION
Mención de edición 1a ed.
Mención de responsabilidad relacionada con la ed. Traduccion al español por Eduardo A. Rabossi.
260 ## - PIE DE IMPRENTA
Lugar de publicación, distribución, etc Buenos Aires:
Nombre de la editorial, distribuidor, etc Paidos;
Fecha de publicación 1971.
300 ## - DESCRIPCION FISICA
Extension 308 p.
500 ## - NOTA GENERAL
Nota general Stevenson, C. L. (1971). Ética y lenguaje. (1a ed.). Buenos Aires : Paidós.
590 ## - NOTAS LOCALES (RLIN)
Nota local Donacion Dora Vera, febrero 2017
653 ## - TÉRMINO INDIZADO - PALABRAS CLAVES
Palabra clave Tipos de acuerdo y desacuerdo
653 ## - TÉRMINO INDIZADO - PALABRAS CLAVES
Palabra clave Definiciones modelo
653 ## - TÉRMINO INDIZADO - PALABRAS CLAVES
Palabra clave Algunos aspectos pragmaticos del significado
653 ## - TÉRMINO INDIZADO - PALABRAS CLAVES
Palabra clave Primer esquema de analisis
653 ## - TÉRMINO INDIZADO - PALABRAS CLAVES
Palabra clave Primer esquema: metodo
653 ## - TÉRMINO INDIZADO - PALABRAS CLAVES
Palabra clave Persuasion
653 ## - TÉRMINO INDIZADO - PALABRAS CLAVES
Palabra clave Validez
653 ## - TÉRMINO INDIZADO - PALABRAS CLAVES
Palabra clave Valor intrinseco y valor extrinseco
653 ## - TÉRMINO INDIZADO - PALABRAS CLAVES
Palabra clave Segundo esquema de analisis: definiciones persuasivas
653 ## - TÉRMINO INDIZADO - PALABRAS CLAVES
Palabra clave Segundo esuqema: metodo
653 ## - TÉRMINO INDIZADO - PALABRAS CLAVES
Palabra clave Moralistas y propagandistas
653 ## - TÉRMINO INDIZADO - PALABRAS CLAVES
Palabra clave Algunas teorias relacionadas
653 ## - TÉRMINO INDIZADO - PALABRAS CLAVES
Palabra clave Algunas observaciones adicionales sobre la funcion de las definiciones
653 ## - TÉRMINO INDIZADO - PALABRAS CLAVES
Palabra clave Libertad: indeterminismo
653 ## - TÉRMINO INDIZADO - PALABRAS CLAVES
Palabra clave Consecuencias practicas
942 ## - ADDED ENTRY ELEMENTS (KOHA)
Source of classification or shelving scheme Dewey Decimal Classification
Item type Libros
Existencias
Estado de retiro Existencia Fuente de clasificación Estado general No para prestamo Ubicación permanente ubicación actual Sala de ubicación Fecha de adquisición Fuente de adquisición Total Checkouts Número de clasificación Código de barras Date last seen Número de ejemplar Price effective from Koha tipo de elemento (item) Public note
    Dewey Decimal Classification     Biblioteca Medicina Biblioteca Medicina Circulación 01/03/2017 Donacion Dora Vera. Febrero 2017   170 81 STE 3759 01/03/2017 Ej.1 01/03/2017 Libros Donacion Dora Vera. Febrero 2017

UNIVERSIDAD NACIONAL DEL COMAHUE
Biblioteca de la Facultad de Ciencias Médicas
Sede Toschi: Los Arrayanes y Av. Toschi, Cipolletti  - Rio Negro
Sede Los Tordos:  Yrigoyen al 2211, Cipolletti - Rio Negro 

Teléfono: 0299 - 4774707 int 25
Contacto: biblioteca@facimed.uncoma.edu.ar
© 2011 - 2026